Kort beskrivelse over det offentlige land i de Forenede Stater i Amerika / (Record no. 169979)

MARC details
000 -LEADER
campo de control de longitud fija 00607nam a22001695i 4500
001 - NÚMERO DE CONTROL
campo de control 169979
003 - IDENTIFICADOR DE NÚMERO DE CONTROL
campo de control ES-MaACL
005 - FECHA Y HORA DE LA ÚLTIMA TRANSACCIÓN
campo de control 20230906214246.0
008 - DATOS DE LONGITUD FIJA--INFORMACIÓN GENERAL
campo de control de longitud fija 090107s1873 xxu |||| | ger d
080 ## - NÚMERO DE LA CLASIFICACIÓN DECIMAL UNIVERSAL
Número de la Clasificación Decimal Universal 332.334.4(73)
245 00 - MENCIÓN DEL TÍTULO
Título Kort beskrivelse over det offentlige land i de Forenede Stater i Amerika /
Mención de responsabilidad, etc. [Willis Drummond, Kommissar].
260 ## - PUBLICACIÓN, DISTRIBUCIÓN, ETC.
Lugar de publicación, distribución, etc. Washington, D.C., :
Nombre del editor, distribuidor, etc. De Forenede Staternes Tryckeri,
Fecha de publicación, distribución, etc. 1873.
300 ## - DESCRIPCIÓN FÍSICA
Extensión 14 p., [1] h. de map. pleg. ;
Dimensiones 20 cm.
650 #4 - PUNTO DE ACCESO ADICIONAL DE MATERIA--TÉRMINO DE MATERIA
Término de materia o nombre geográfico como elemento de entrada Colonización agraria-
Subdivisión geográfica Estados Unidos.
9 (RLIN) 146694
700 1# - ENTRADA AGREGADA--NOMBRE PERSONAL
Nombre de persona Drummond, Willis.
9 (RLIN) 139159
852 ## - LOCALIZACIÓN
Ubicación ES-MaACL
Número de control de estantería T-370-F-4
Holdings
Estatus retirado Estado de pérdida Estado de daño No para préstamo Colección Biblioteca de origen Biblioteca actual Ubicación en estantería Fecha de adquisición Fuente de adquisición Total de préstamos Signatura topográfica completa Código de barras Visto por última vez Precio de reemplazo Tipo de ítem Koha
        Colección de folletos Biblioteca del Ateneo de Madrid Biblioteca del Ateneo de Madrid Depósito folletos 07/01/2009     T-370-F-4 1178461 23/02/2023 23/02/2023 Folleto